Składy drużyn na PGL MAJOR ANTWERP 2022 - Statystyki

Ogólne statystyki
  • Ten quiz został rozwiązany 44 razy
  • Średni wynik to 52 z 120
Statystyki odpowiedzi
Hint Odpowiedź % Poprawnych
G2 Niko
96%
ENCE Dycha
88%
ENCE Hades
88%
G2 huNter
88%
Navi S1mple
88%
ENCE Spinx
88%
Team Vitality Zywoo
88%
Imperial Esports FalleN
84%
Faze Clan Karrigan
84%
Navi b1t
80%
Faze Clan Broky
80%
Navi ElectroNic
80%
Cloud9 Hobbit
80%
G2 m0NESY
80%
Faze Clan Rain
80%
Team Vitality ApEX
76%
ENCE Maden
76%
Team Vitality Magisk
76%
Navi Perfecto
76%
Faze Clan Ropz
76%
ENCE Snappi
76%
Heroic cadiaN
72%
G2 JACKZ
72%
G2 Aleksib
68%
Navi Boombl4
68%
Team Vitality Dupreeh
68%
Team Liquid NAF
68%
Cloud9 Sh1ro
68%
Faze Clan Twistzz
68%
Copenhagen Flames Jabbi
64%
BIG tabseN
64%
Outsiders YEKINDAR
64%
Team Liquid Elige
60%
Outsiders Jame
60%
Ninjas In Pyjamas REZ
60%
Heroic Stavn
60%
FURIA Esports arT
56%
Outsiders buster
56%
Astralis Gla1ve
56%
FURIA Esports KSCERATO
56%
Heroic sjuush
56%
BIG syrsoN
56%
Astralis BlameF
52%
Team Spirit chopper
52%
Cloud9 Nafany
52%
Outsiders Qikert
52%
Heroic TeSeS
52%
Eternal Fire XANTARES
52%
Astralis Xyp9x
52%
Team Vitality misutaaa
48%
Cloud9 Ax1le
44%
Imperial Esports fnx
44%
Copenhagen Flames HooXi
44%
Cloud9 Interz
44%
Astralis K0nfig
44%
BIG Krimbo
44%
Team Spirit magixx
44%
Team Liquid oSee
44%
Eternal Fire woxic
44%
Ninjas In Pyjamas Brollan
40%
Team Spirit degster
40%
Imperial Esports fer
40%
Complexity Gaming Grim
40%
Bad News Eagles rigoN
40%
Eternal Fire Calyx
36%
Complexity Gaming FaNg
36%
Complexity Gaming JT
36%
Bad News Eagles juanflatroo
36%
Copenhagen Flames Nicoodoz
36%
Ninjas In Pyjamas Plopski
36%
Copenhagen Flames roeJ
36%
FURIA Esports saffee
36%
Bad News Eagles sinnopsyy
36%
FURIA Esports Yuurih
36%
Imperial Esports boltz
32%
FURIA Esports Drop
32%
Complexity Gaming Floppy
32%
Forze shalfey
32%
BIG tiziaN
32%
Copenhagen Flames Zyphon
32%
Astralis Farlig
28%
BIG faveN
28%
Bad News Eagles gxx
28%
Ninjas In Pyjamas Hampus
28%
Eternal Fire imoRR
28%
Team Spirit Patsi
28%
Heroic Refrezh
28%
Team Liquid shox
28%
Imperial Esports VINI
28%
Forze Zorte
28%
Complexity Gaming Junior
24%
Team Liquid nitr0
24%
Team Spirit s1ren
24%
Ninjas In Pyjamas es3tag
20%
Outsiders FL1T
20%
Forze Jerry
20%
Bad News Eagles Sener1
16%
9z team dav1d
12%
Renegades Liazz
12%
IHC Esports Bart4k
8%
IHC Esports bLitz
8%
9z team dgt
8%
Forze KENSI
8%
9z team Luken
8%
9z team max
8%
Forze Norwi
8%
Renegades Sico
8%
IHC Esports Techno4k
8%
MIBR adr
4%
Renegades aliStair
4%
Renegades IHS
4%
IHC Esports kabal
4%
IHC Esports nin9
4%
9z team rox
4%
MIBR bt0
0%
Renegades Hatz
0%
MIBR Maluk3
0%
MIBR mch
0%
MIBR viol
0%
Eternal Fire xfl0ud
0%
Nie znaleziono quizów pasujących do podanych kryteriów
Rozkład punktacji
Procent ludzi z każdym wynikiem
Percentyl według liczby udzielonych odpowiedzi
Twoja historia wyników
Nie rozwiązałeś tego quizu